000 00628nam a2200277Ia 4500
005 20260324144929.0
008 008 260324s9999 xx 000 0 eng d
020 _a9781315802466
037 _aEBOOK
040 _aCRL
040 _beng
040 _cCRL
041 _2eng
041 _aeng
084 _qCRL
100 _aP. Balsam; A. Tomie
_91221130
245 0 _aContext and Learning
260 _bTaylor and Francis
260 _c1985
365 _a
365 _b230
856 _uhttp://www.taylorfrancis.com/books/9781315802466
942 _cEBOOK
999 _c1828373
_d1828373